[Event "Turkish Super League 2019"]
[Site "Konya"]
[Date "2019.07.23"]
[Round "7"]
[White "Esen, Baris"]
[Black "Mamedov, Rauf"]
[Result "1/2-1/2"]
[WhiteElo "2478"]
[BlackElo "2650"]
[Annotator "TA"]
[PlyCount "71"]
[EventDate "2019.07.17"]
[EventType "team-tourn"]
[EventCountry "TUR"]
[SourceTitle "playchess.com"]
[Source "ChessBase"]
[SourceQuality "1"]

{[%evp 11,71,22,24,0,17,8,17,0,0,0,93,70,79,68,63,68,70,70,72,73,72,62,62,63,71,63,60,56,108,102,95,98,102,98,93,94,115,110,177,17,48,0,0,0,0,0,4,0,48,9,18,0,0,0,0,0,0,0,0,0,0,0]} 1. Nf3 d5 2. e3 c5 3. b3 Nf6 4. Bb2 Nc6 5. Bb5 Bd7 6. O-O e6 7. c4 {A06: Réti Opening:1 Nf3 d5} dxc4 8. bxc4 Bd6 9. d4 O-O 10. Nbd2 $146 ({Predecessor:} 10. d5 exd5 11. cxd5 Nb8 12. Nc3 a6 13. Be2 b5 14. a4 b4 {1-0 (36) Potkin,V (2597)-Alekseenko,K (2638) St Petersburg 2018}) 10... Rc8 {[#]} (10... cxd4 $11 {remains equal.} 11. exd4 a6) 11. e4 $1 $16 {[%cal Re4e5]} Bb8 12. d5 exd5 13. exd5 Nd4 $1 {[%cal Rd4b5]} 14. Bxd7 Nxf3+ 15. Nxf3 Nxd7 16. Qd3 Qb6 17. Rab1 {Bxg7! is the strong threat.} Qg6 18. Qb3 b6 19. Rbe1 Rfe8 (19... Rce8 $14) 20. Qb5 Rxe1 21. Rxe1 Nf8 22. Be5 Bxe5 23. Nxe5 Qc2 24. a4 Qc3 {[#]} (24... h5 $16) 25. Kf1 $2 (25. Qb1 $1 $18) 25... f6 $11 26. Nc6 Qd3+ $1 27. Kg1 {Black must now prevent Ne7+.} Re8 $1 {[%cal Re8e1]} 28. Rf1 Re4 29. Qa6 h5 30. Qxa7 {Strongly threatening Ne7+.} Ng6 {The position is equal.} 31. Qd7 Rxc4 32. Ne7+ Nxe7 33. Qe8+ {[%mdl 64] Double Attack} Kh7 {Hoping for ...Ng6.} 34. Qxh5+ Kg8 35. Qe8+ {[%mdl 64] Double Attack} Kh7 {Threatens to win with ...Ng6.} 36. Qh5+ {Accuracy: White = 60%, Black = 65%.} 1/2-1/2

[Event "Turkish Super League 2019"]
[Site "Konya"]
[Date "2019.07.23"]
[Round "7"]
[White "Benidze, Davit"]
[Black "Abasov, Nijat"]
[Result "1/2-1/2"]
[WhiteElo "2469"]
[BlackElo "2641"]
[Annotator "ChessBase"]
[PlyCount "43"]
[EventDate "2019.07.17"]
[EventType "team-tourn"]
[EventCountry "TUR"]
[SourceTitle "playchess.com"]
[Source "ChessBase"]
[SourceQuality "1"]
[TimeControl "40/5400+30:1800+30"]

1. Nf3 Nf6 2. g3 c5 3. Bg2 Nc6 4. O-O e5 5. d3 d5 6. c4 d4 7. e3 dxe3 8. Bxe3 Bf5 9. Qb3 Rb8 10. Nc3 Be7 11. Nd5 Nxd5 12. cxd5 Nd4 13. Bxd4 exd4 14. Qa4+ Kf8 15. Qxa7 Bxd3 16. Rfe1 Bd6 {[%emt 0:41:00]} 17. b4 {[%emt 1:01:30]} Ra8 {[%emt 0:14:30]} 18. Qxb7 {[%emt 0:01:30]} Rb8 {[%emt 0:00:30]} 19. Qa7 {[%emt 0:00:30]} Ra8 {[%emt 0:01:30]} 20. Qb7 {[%emt 0:00:00]} Rb8 {[%emt 0:00:30]} 21. Qa7 {[%emt 0:00:00]} Ra8 {[%emt 0:00:00]} 22. Qb7 {[%emt 0:00:30]} 1/2-1/2

[Event "Turkish Super League 2019"]
[Site "Konya"]
[Date "2019.07.23"]
[Round "7"]
[White "Firat, Burak"]
[Black "Samani, Yamac"]
[Result "0-1"]
[WhiteElo "2463"]
[BlackElo "2266"]
[Annotator "ChessBase"]
[PlyCount "108"]
[EventDate "2019.07.17"]
[EventType "team-tourn"]
[EventCountry "TUR"]
[SourceTitle "playchess.com"]
[Source "ChessBase"]
[SourceQuality "1"]
[TimeControl "40/5400+30:1800+30"]

1. e4 e5 2. Nf3 Nc6 3. Bb5 a6 4. Ba4 d6 5. O-O Bd7 6. c3 g6 7. d4 Bg7 8. Re1 b5 9. Bb3 Nf6 10. h3 O-O 11. a3 Re8 12. Nbd2 a5 13. d5 Nb8 14. a4 b4 15. Nc4 Na6 16. Bc2 bxc3 17. bxc3 Nc5 18. Ba3 Nh5 19. Bxc5 dxc5 20. Bd3 Nf4 21. Bf1 h5 22. Ne3 c6 23. dxc6 Bxc6 24. Bb5 Bxe4 25. Bxe8 Qxe8 26. Nc4 Rd8 27. Nd6 Rxd6 28. Qxd6 Bxf3 29. gxf3 {[%emt 1:35:25]} Qc8 {[%emt 1:37:46]} 30. Rxe5 {[%emt 0:00:30]} Nxh3+ {[%emt 0:00:30]} 31. Kf1 {[%emt 0:00:30]} Nf4 {[%emt 0:00:38]} 32. Re8+ {[%emt 0:06:22]} Qxe8 {[%emt 0:00:30]} 33. Qxf4 {[%emt 0:00:00]} Bxc3 {[%emt 0:00:40]} 34. Rb1 {[%emt 0:00:00]} Kg7 {[%emt 0:01:08]} 35. Rb7 {[%emt 0:01:02]} Qe6 {[%emt 0:00:26]} 36. Kg2 {[%emt 0:01:06]} Bd4 {[%emt 0:00:36]} 37. Ra7 {[%emt 0:02:53]} Qa2 {[%emt 0:00:41]} 38. Kh3 {[%emt 0:00:12]} Qe6+ {[%emt 0:00:55]} 39. Kg2 {[%emt 0:00:02]} Qa2 {[%emt 0:02:08]} 40. Kh3 {[%emt 0:00:00]} Bc3 {[%emt 0:00:00]} 41. Kg2 {[%emt 0:06:28]} Qd5 {[%emt 0:03:32]} 42. Qe4 {[%emt 0:05:30]} Qg5+ {[%emt 0:03:30]} 43. Kf1 {[%emt 0:01:30]} Bd4 {[%emt 0:06:30]} 44. Qe8 {[%emt 0:07:43]} Qd5 {[%emt 0:03:17]} 45. Ra8 {[%emt 0:04:27]} Kf6 {[%emt 0:02:33]} 46. Ra6+ {[%emt 0:03:16]} Kg5 {[%emt 0:01:09]} 47. Qe2 {[%emt 0:00:25]} h4 {[%emt 0:05:49]} 48. Rxa5 {[%emt 0:04:02]} h3 {[%emt 0:00:42]} 49. Ra7 {[%emt 0:00:31]} Kh6 {[%emt 0:01:42]} 50. Qe4 {[%emt 0:01:47]} Qg5 {[%emt 0:02:25]} 51. f4 {[%emt 0:01:08]} Qg4 {[%emt 0:00:30]} 52. Re7 {[%emt 0:00:31]} Qh4 {[%emt 0:01:50]} 53. Kg1 {[%emt 0:00:33]} Qxf2+ {[%emt 0:00:50]} 54. Kh1 {[%emt 0:00:08]} Qg1# {[%emt 0:00:00]} 0-1

[Event "Turkish Super League 2019"]
[Site "Konya"]
[Date "2019.07.23"]
[Round "7"]
[White "Mammadzada, Gunay"]
[Black "Daulyte-Cornette, Deimante"]
[Result "1-0"]
[WhiteElo "2427"]
[BlackElo "2444"]
[Annotator "TA"]
[PlyCount "135"]
[EventDate "2019.07.17"]
[EventType "team-tourn"]
[EventCountry "TUR"]
[SourceTitle "playchess.com"]
[Source "ChessBase"]
[SourceQuality "1"]

{[%evp 13,135,27,25,27,27,21,24,16,18,12,39,-58,-54,-63,-48,-119,-117,-140,-131,-147,-141,-135,-139,-131,-132,-136,-141,-155,-141,-151,-142,-145,-135,-139,-139,-139,-129,-138,-118,-135,-123,-130,-99,-127,-136,-140,-143,-141,-108,-148,-131,-139,-111,-132,-128,-164,-161,-164,-156,-144,-133,-199,-191,-209,-153,-183,-146,-165,-162,-148,-141,-143,-136,-166,-173,-157,-172,-204,-135,-216,-202,-228,-220,-219,-219,-308,-268,-331,-292,-252,-214,-187,-172,-239,-240,-261,-245,-236,-198,-228,0,0,0,0,28,29,747,745,1000,1062,975,976,5081,935,860,633,9936,6945,29972,29973,29974,29975,29963,29964]} 1. e4 e5 2. Nf3 Nc6 3. Bb5 a6 4. Ba4 Nf6 5. O-O Bc5 6. c3 O-O 7. d4 Ba7 8. dxe5 {C78: Ruy Lopez: Archangelsk and Möller Defences} Nxe4 9. Qd5 $146 (9. Bc2 d5 10. exd6 Nxd6 11. Bg5 f6 12. Bf4 g5 13. Bxd6 Qxd6 14. Qxd6 cxd6 15. Nbd2 g4 {0-1 (73) Vallejo Pons,F (2693)-Carlsen,M (2845) Karlsruhe/Baden Baden 2019}) 9... Nc5 10. Bc2 {White has an edge.} Ne7 {[%cal Bc6e7,Be7g6,Bg6e5,Be5c4][%mdl 32]} 11. Qc4 d5 12. Qh4 ({White should try} 12. exd6 $1 $14 Qxd6 13. b4) 12... Bf5 $15 13. Na3 {And now Bg5 would win.} Qd7 14. Rd1 (14. Be3 $15) 14... Ng6 $36 {[%mdl 2048] Black is really pushing.} 15. Bxf5 Qxf5 16. Qg5 Qe6 {Hoping for ...Ne4.} 17. Qh5 Ne4 18. Nd4 Qxe5 19. Qxe5 Nxe5 20. Bf4 Rfe8 21. Kf1 c6 22. Nac2 Nc4 23. Rab1 Bb8 24. Bc1 Bc7 25. f3 Nc5 ({Of course not} 25... Bxh2 $6 26. fxe4 Rxe4 27. Re1 $11) 26. b3 Ne5 27. Ba3 Bb6 28. Rd2 g6 29. Ne1 Rad8 30. Rbd1 Ne6 31. Nec2 Ba5 32. Re2 Nd7 33. Bb2 Nxd4 34. cxd4 Rxe2 35. Kxe2 Re8+ 36. Kf2 f6 37. g4 (37. Ne1 $17) 37... Bc7 38. h4 Kf7 39. Rh1 Bf4 40. Bc1 Bxc1 41. Rxc1 $19 {[%mdl 4096] Endgame KRN-KRN} a5 42. a4 Rb8 43. Ne1 Ke6 44. Nd3 Kd6 45. g5 b6 46. Re1 (46. h5 $17 {keeps fighting.}) 46... Rf8 47. Kg3 {Now Nf4 and White clings on.} Rf7 48. Re8 Re7 49. Rh8 (49. Rd8 {was worth a try.} fxg5 50. hxg5) 49... fxg5 50. hxg5 c5 $1 51. dxc5+ bxc5 52. Ra8 c4 53. bxc4 (53. Ra6+ $142 Kc7 54. Nf4) 53... dxc4 54. Nb2 c3 55. Nc4+ Kd5 56. Rc8 Nc5 $2 ({Better is} 56... Re6 $19 {aiming for ...Rc6.} 57. Kf4 Rc6 58. Ne3+ Kc5 59. Rxc6+ Kxc6) 57. Nb6+ $11 Kd4 {Threatens to win with ...c2.} (57... Kd6 $5 58. Nc4+ $8 {[%mdl 64] [#] Double Attack} Kd5 $1 {[%mdl 512]} 59. Nb6+ Kd6 60. Nc4+ {[%mdl 64] Double Attack} Kd5 $1 $11 {[%mdl 512]}) 58. Rd8+ Ke3 59. Nd5+ {[%mdl 64] Double Attack} Kd2 $2 {[%mdl 8192]} (59... Ke2 $11 60. Nxc3+ Kf1) 60. Nxe7+ $18 {[%mdl 64] Discovered Attack} Nd3 61. Nc6 c2 62. Nxa5 Kc3 63. Rc8+ Kb2 64. Nc4+ Kb3 65. Nd2+ Kb2 66. a5 {White mates.} Nb4 67. Nc4+ Kb3 68. Ne3 {Accuracy: White = 42%, Black = 59%.} 1-0

[Event "Turkish Super League 2019"]
[Site "Konya"]
[Date "2019.07.23"]
[Round "7"]
[White "Tsolakidou, Stavroula"]
[Black "Atalik, Ekaterina"]
[Result "1-0"]
[WhiteElo "2423"]
[BlackElo "2459"]
[Annotator "ChessBase"]
[PlyCount "79"]
[EventDate "2019.07.17"]
[EventType "team-tourn"]
[EventCountry "TUR"]
[SourceTitle "playchess.com"]
[Source "ChessBase"]
[SourceQuality "1"]
[TimeControl "40/5400+30:1800+30"]

1. Nf3 Nf6 2. d4 g6 3. Bg5 Ne4 4. Bh4 c5 5. c3 Bg7 6. e3 d5 7. Nbd2 cxd4 8. exd4 Nd6 9. h3 O-O 10. Qb3 Nf5 11. Bg5 Nc6 12. g4 Nh6 13. O-O-O f6 14. Bh4 Nf7 15. Bd3 Qa5 16. g5 fxg5 17. Nxg5 Nxg5 18. Bxg5 Bf5 19. Bxf5 Rxf5 20. Be3 b5 21. a3 Qb6 22. h4 b4 23. axb4 a5 24. bxa5 Qxa5 25. h5 gxh5 26. Rdg1 Kh8 27. Qb7 Rf6 28. Qb3 Rf5 29. Rg5 Rxg5 30. Bxg5 Qa6 31. Qxd5 Qd3 32. Nb3 Qg6 33. Be3 e5 {[%emt 1:28:15]} 34. dxe5 {[%emt 1:44:50]} Rd8 {[%emt 0:00:30]} 35. Qf3 {[%emt 0:00:30]} h4 {[%emt 0:00:30]} 36. Rxh4 {[%emt 0:00:36]} Nxe5 {[%emt 0:05:39]} 37. Qh5 {[%emt 0:00:14]} Qg1+ {[%emt 0:03:43]} 38. Kc2 {[%emt 0:00:03]} h6 {[%emt 0:00:19]} 39. Bxh6 {[%emt 0:01:00]} Kg8 {[%emt 0:01:01]} 40. Bd2 {[%emt 0:00:00]} 1-0

[Event "Turkish Super League 2019"]
[Site "Konya"]
[Date "2019.07.23"]
[Round "7"]
[White "Kerigan, Demre"]
[Black "Quparadze, Giga"]
[Result "1-0"]
[WhiteElo "2398"]
[BlackElo "2499"]
[Annotator "ChessBase"]
[PlyCount "63"]
[EventDate "2019.07.17"]
[EventType "team-tourn"]
[EventCountry "TUR"]
[SourceTitle "playchess.com"]
[Source "ChessBase"]
[SourceQuality "1"]
[TimeControl "40/5400+30:1800+30"]

1. e4 c5 2. Nf3 e6 3. d4 cxd4 4. Nxd4 a6 5. Nc3 Qc7 6. Qf3 Nf6 7. Bg5 Bb4 8. O-O-O Bxc3 9. bxc3 Qe5 10. Be3 Qxe4 11. Qg3 O-O 12. Bd3 Qg4 13. Qd6 Nc6 14. h3 Qh5 15. Nxc6 dxc6 16. g4 Qa5 17. g5 Nd7 18. h4 Qxc3 19. Bd4 Qa5 20. g6 hxg6 21. Bb2 e5 {[%emt 0:30:30]} 22. h5 {[%emt 1:16:00]} Qc5 {[%emt 0:00:00]} 23. Qc7 {[%emt 0:02:30]} b6 {[%emt 0:02:00]} 24. hxg6 {[%emt 0:02:30]} Rb8 {[%emt 0:07:30]} 25. Rh4 {[%emt 0:04:26]} Re8 {[%emt 0:08:30]} 26. Rdh1 {[%emt 0:03:22]} Kf8 {[%emt 0:00:30]} 27. Rh8+ {[%emt 0:00:38]} Ke7 {[%emt 0:00:00]} 28. Rxe8+ {[%emt 0:00:17]} Kxe8 {[%emt 0:00:00]} 29. Rh8+ {[%emt 0:00:00]} Ke7 {[%emt 0:00:00]} 30. Qd8+ {[%emt 0:00:01]} Ke6 {[%emt 0:00:00]} 31. Re8+ {[%emt 0:00:31]} Kd6 {[%emt 0:00:30]} 32. gxf7 {[%emt 0:00:39]} 1-0

[Event "Turkish Super League 2019"]
[Site "Konya"]
[Date "2019.07.23"]
[Round "7"]
[White "Ertan, Can"]
[Black "Gholami, Aryan"]
[Result "0-1"]
[WhiteElo "2396"]
[BlackElo "2532"]
[Annotator "ChessBase"]
[PlyCount "80"]
[EventDate "2019.07.17"]
[EventType "team-tourn"]
[EventCountry "TUR"]
[SourceTitle "playchess.com"]
[Source "ChessBase"]
[SourceQuality "1"]
[TimeControl "40/5400+30:1800+30"]

1. e4 c5 2. Nf3 e6 3. d4 cxd4 4. Nxd4 a6 5. Bd3 g6 6. c4 Bg7 7. Nc2 Ne7 8. Nc3 Nbc6 9. O-O O-O 10. Bg5 h6 11. Bh4 g5 12. Bg3 Ne5 13. f4 gxf4 14. Bxf4 N7g6 15. Bg3 d6 16. Be2 Qg5 17. Kh1 h5 18. Qc1 Qe7 19. Qd2 Bd7 20. Rad1 h4 21. Bf2 Rfc8 22. Qxd6 Qxd6 23. Rxd6 Be8 24. Ne3 Nf4 25. Rc1 b5 26. Bf1 bxc4 27. Bxh4 Ned3 28. Rc2 Be5 29. Nxc4 Rxc4 30. Rxd3 Nxd3 31. Bxd3 Rb4 32. Kg1 a5 33. Bg5 Rc8 34. Kf2 {[%emt 1:41:17]} Rd4 {[%emt 1:31:53]} 35. Ba6 {[%emt 0:00:30]} Rc7 {[%emt 0:00:30]} 36. g3 {[%emt 0:02:27]} Bc6 {[%emt 0:06:24]} 37. Be3 {[%emt 0:01:31]} Rb4 {[%emt 0:00:24]} 38. a3 {[%emt 0:00:50]} Rb3 {[%emt 0:01:51]} 39. Bc4 {[%emt 0:00:21]} Rxc3 {[%emt 0:00:29]} 40. bxc3 {[%emt 0:00:00]} Bxe4 {[%emt 0:00:00]} 0-1

[Event "Turkish Super League 2019"]
[Site "Konya"]
[Date "2019.07.23"]
[Round "7"]
[White "Osmak, Iulija"]
[Black "Savina, Anastasia"]
[Result "1/2-1/2"]
[WhiteElo "2395"]
[BlackElo "2344"]
[Annotator "NA"]
[PlyCount "119"]
[EventDate "2019.07.17"]
[EventType "team-tourn"]
[EventCountry "TUR"]
[SourceTitle "playchess.com"]
[Source "ChessBase"]
[SourceQuality "1"]
[TimeControl "40/5400+30:1800+30"]

1. d4 d6 2. e4 Nf6 3. Nc3 e5 4. Nf3 Nbd7 5. Bc4 Be7 6. a4 O-O 7. O-O a5 8. h3 b6 9. Re1 Bb7 10. Bg5 h6 11. Bxf6 Bxf6 12. Nd5 Re8 13. c3 c6 14. Nxf6+ Nxf6 15. dxe5 dxe5 16. Nh4 Qxd1 17. Raxd1 Red8 18. Nf5 Ne8 19. g4 Kf8 20. h4 h5 21. gxh5 b5 22. axb5 cxb5 23. Rxd8 Rxd8 24. Bxb5 Nf6 25. Ng3 Rd2 26. b3 Rb2 {[%emt 1:42:18]} 27. Bc4 {[%emt 1:29:11]} Rc2 {[%emt 0:00:30]} 28. Re3 {[%emt 0:00:30]} Ng4 {[%emt 0:00:30]} 29. Rf3 {[%emt 0:00:30]} f6 {[%emt 0:00:30]} 30. Be6 {[%emt 0:00:30]} Nh6 {[%emt 0:00:30]} 31. Rd3 {[%emt 0:00:30]} Ke7 {[%emt 0:00:25]} 32. Bc4 {[%emt 0:06:19]} Bc6 {[%emt 0:00:32]} 33. f3 {[%emt 0:03:09]} Rb2 {[%emt 0:00:38]} 34. Nf1 {[%emt 0:02:00]} f5 {[%emt 0:00:34]} 35. Rd2 {[%emt 0:01:22]} Rb1 {[%emt 0:00:20]} 36. Rg2 {[%emt 0:00:48]} Kf8 {[%emt 0:00:13]} 37. Rg6 {[%emt 0:00:24]} Be8 {[%emt 0:00:48]} 38. Rg5 {[%emt 0:00:07]} Rc1 {[%emt 0:00:09]} 39. Kf2 {[%emt 0:02:36]} Rc2+ {[%emt 0:00:31]} 40. Ke1 {[%emt 0:00:00]} Rxc3 {[%emt 0:01:19]} 41. Nd2 {[%emt 0:01:34]} Rc1+ {[%emt 0:06:43]} 42. Kf2 {[%emt 0:06:30]} Rh1 {[%emt 0:01:30]} 43. exf5 {[%emt 0:06:39]} Rxh4 {[%emt 0:01:30]} 44. Be6 {[%emt 0:00:44]} Nf7 {[%emt 0:12:07]} 45. Rg4 {[%emt 0:06:55]} Rh2+ {[%emt 0:02:57]} 46. Ke3 {[%emt 0:02:07]} Nd6 {[%emt 0:00:22]} 47. Ne4 {[%emt 0:02:43]} Bb5 {[%emt 0:02:09]} 48. Nc3 {[%emt 0:05:50]} Bc6 {[%emt 0:01:14]} 49. Rg5 {[%emt 0:01:51]} Be8 {[%emt 0:05:33]} 50. Ne4 {[%emt 0:01:35]} Bb5 {[%emt 0:00:31]} 51. Nc3 {[%emt 0:00:36]} Be8 {[%emt 0:00:14]} 52. Nd5 {[%emt 0:00:29]} Bf7 {[%emt 0:00:51]} 53. Rg1 {[%emt 0:00:26]} Nxf5+ {[%emt 0:00:47]} 54. Bxf5 {[%emt 0:00:30]} Bxd5 {[%emt 0:00:00]} 55. Ra1 {[%emt 0:00:01]} Rxh5 {[%emt 0:00:35]} 56. Rxa5 {[%emt 0:00:46]} Bxb3 {[%emt 0:00:21]} 57. Rxe5 {[%emt 0:00:30]} Bc2 {[%emt 0:00:42]} 58. Kf4 {[%emt 0:00:16]} Bxf5 {[%emt 0:00:44]} 59. Rxf5+ {[%emt 0:00:30]} Rxf5+ {[%emt 0:00:00]} 60. Kxf5 {[%emt 0:00:00]} 1/2-1/2

[Event "Turkish Super League 2019"]
[Site "Konya"]
[Date "2019.07.23"]
[Round "7"]
[White "Yurtseven, Melih"]
[Black "Tasdogen, Dincer"]
[Result "1-0"]
[WhiteElo "2381"]
[BlackElo "2310"]
[Annotator "NA"]
[PlyCount "99"]
[EventDate "2019.07.17"]
[EventType "team-tourn"]
[EventCountry "TUR"]
[SourceTitle "playchess.com"]
[Source "ChessBase"]
[SourceQuality "1"]
[TimeControl "40/5400+30:1800+30"]

1. d4 d6 2. Nf3 Nf6 3. c4 Nbd7 4. Nc3 e5 5. e3 g6 6. Be2 Bg7 7. b4 O-O 8. Bb2 exd4 9. Nxd4 Re8 10. O-O Nb6 11. a3 Nfd7 12. Qc2 a5 13. Ncb5 Ne5 14. c5 dxc5 15. bxc5 Nd5 16. c6 Qe7 17. Rad1 Ra6 18. Nc3 Nxc3 19. Bxc3 Ra8 20. Qb2 bxc6 21. Nxc6 Qe6 22. Nxe5 Bxe5 23. Bxe5 Qxe5 24. Qxe5 Rxe5 25. Rd8+ Kg7 26. Rc1 Re7 27. Bf3 c6 {[%emt 1:40:59]} 28. Rxc6 {[%emt 1:39:15]} Bb7 {[%emt 0:00:38]} 29. Rxa8 {[%emt 0:00:30]} Bxa8 {[%emt 0:00:00]} 30. Rc5 {[%emt 0:00:01]} Bxf3 {[%emt 0:00:14]} 31. gxf3 {[%emt 0:00:30]} Ra7 {[%emt 0:00:30]} 32. a4 {[%emt 0:00:00]} Kf6 {[%emt 0:00:05]} 33. Kg2 {[%emt 0:00:00]} Ke6 {[%emt 0:03:40]} 34. f4 {[%emt 0:00:14]} Kd6 {[%emt 0:00:36]} 35. Rb5 {[%emt 0:00:02]} Kc6 {[%emt 0:00:10]} 36. f5 {[%emt 0:01:01]} Ra8 {[%emt 0:00:22]} 37. Kf3 {[%emt 0:00:43]} f6 {[%emt 0:00:19]} 38. h4 {[%emt 0:01:07]} Ra7 {[%emt 0:00:49]} 39. fxg6 {[%emt 0:00:30]} hxg6 {[%emt 0:00:00]} 40. Kg4 {[%emt 0:00:00]} Kd6 {[%emt 0:00:00]} 41. h5 {[%emt 0:05:37]} gxh5+ {[%emt 0:05:08]} 42. Rxh5 {[%emt 0:00:00]} Ke6 {[%emt 0:00:30]} 43. Rb5 {[%emt 0:00:00]} Ra8 {[%emt 0:01:30]} 44. Kf4 {[%emt 0:00:30]} Ra6 {[%emt 0:00:00]} 45. e4 {[%emt 0:00:30]} Ke7 {[%emt 0:00:00]} 46. Kf5 {[%emt 0:00:30]} Kf7 {[%emt 0:00:30]} 47. Rb7+ {[%emt 0:04:30]} Ke8 {[%emt 0:00:30]} 48. f3 {[%emt 0:01:30]} Kd8 {[%emt 0:00:30]} 49. Rf7 {[%emt 0:00:00]} Rc6 {[%emt 0:00:00]} 50. Ra7 {[%emt 0:03:00]} 1-0

[Event "Turkish Super League 2019"]
[Site "Konya"]
[Date "2019.07.23"]
[Round "7"]
[White "Tanriverdi, Enes"]
[Black "Akdogan, Alperen"]
[Result "1-0"]
[WhiteElo "2374"]
[BlackElo "2193"]
[Annotator "NA"]
[PlyCount "101"]
[EventDate "2019.07.17"]
[EventType "team-tourn"]
[EventCountry "TUR"]
[SourceTitle "playchess.com"]
[Source "ChessBase"]
[SourceQuality "1"]
[TimeControl "40/5400+30:1800+30"]

1. d4 Nf6 2. c4 e6 3. Nf3 b6 4. g3 Bb7 5. Bg2 Be7 6. O-O O-O 7. Re1 Ne4 8. Nfd2 d5 9. cxd5 exd5 10. Nxe4 dxe4 11. Nc3 f5 12. Bf4 Bd6 13. Bxd6 Qxd6 14. Rc1 a6 15. e3 Nd7 16. a3 Nf6 17. Qb3+ Kh8 18. Rc2 Rae8 19. Qb4 Qd8 20. a4 g5 21. a5 b5 22. Qc5 Qd7 23. Bh3 g4 24. Bg2 Bd5 25. Ne2 c6 26. Nf4 Rc8 27. Rec1 Rfd8 28. Qb6 Bc4 29. Qxa6 Nd5 30. Nxd5 Bxd5 31. Qb6 Rb8 32. Qc5 Ra8 33. Qa3 Qa7 34. b4 Qe7 35. Bf1 Rd7 {[%emt 1:45:42]} 36. Be2 {[%emt 1:27:00]} h5 {[%emt 0:00:30]} 37. Bd1 {[%emt 0:00:30]} h4 {[%emt 0:00:30]} 38. Rc3 {[%emt 0:00:30]} hxg3 {[%emt 0:00:30]} 39. fxg3 {[%emt 0:00:30]} Bc4 {[%emt 0:00:30]} 40. Bb3 {[%emt 0:00:30]} Bd3 {[%emt 0:00:00]} 41. Rxc6 {[%emt 0:02:30]} f4 {[%emt 0:01:48]} 42. exf4 {[%emt 0:01:30]} Rxd4 {[%emt 0:00:30]} 43. Qa1 {[%emt 0:06:30]} Rad8 {[%emt 0:03:30]} 44. a6 {[%emt 0:01:30]} e3 {[%emt 0:10:41]} 45. a7 {[%emt 0:01:30]} e2 {[%emt 0:01:04]} 46. Qxd4+ {[%emt 0:02:30]} Rxd4 {[%emt 0:00:30]} 47. a8=Q+ {[%emt 0:00:00]} Rd8 {[%emt 0:00:07]} 48. Qa1+ {[%emt 0:00:00]} Kh7 {[%emt 0:00:11]} 49. Qe5 {[%emt 0:00:30]} Qxe5 {[%emt 0:00:56]} 50. fxe5 {[%emt 0:00:30]} Rf8 {[%emt 0:00:00]} 51. Rf6 {[%emt 0:00:30]} 1-0

[Event "Turkish Super League 2019"]
[Site "Konya"]
[Date "2019.07.23"]
[Round "7"]
[White "Ozer, Omer Faruk"]
[Black "Kamer, Kayra"]
[Result "1-0"]
[WhiteElo "2369"]
[BlackElo "2340"]
[Annotator "NA"]
[PlyCount "119"]
[EventDate "2019.07.17"]
[EventType "team-tourn"]
[EventCountry "TUR"]
[SourceTitle "playchess.com"]
[Source "ChessBase"]
[SourceQuality "1"]
[TimeControl "40/5400+30:1800+30"]

1. d4 Nf6 2. c4 g6 3. Nc3 Bg7 4. e4 d6 5. Nge2 O-O 6. Ng3 c5 7. d5 e6 8. Be2 Na6 9. O-O Nc7 10. a4 Re8 11. Be3 exd5 12. cxd5 b6 13. Qd2 Rb8 14. Kh1 a6 15. f4 b5 16. axb5 axb5 17. e5 b4 18. Nce4 Nxe4 19. Nxe4 dxe5 20. d6 Ne6 21. Bc4 exf4 22. Bxf4 Bd7 23. Bg5 Nxg5 24. Nxg5 Be6 25. Nxf7 Qd7 26. Bxe6 Rxe6 27. Qd5 Rbe8 28. Rad1 h6 29. Qxc5 Rf8 30. Qc7 Rxf7 31. Rxf7 Qxf7 32. d7 Bf6 33. h3 {[%emt 1:45:12]} Re2 {[%emt 1:38:54]} 34. d8=Q+ {[%emt 0:00:52]} Bxd8 {[%emt 0:00:05]} 35. Rxd8+ {[%emt 0:00:00]} Re8 {[%emt 0:00:32]} 36. Rxe8+ {[%emt 0:00:00]} Qxe8 {[%emt 0:00:37]} 37. Qc4+ {[%emt 0:00:00]} Kh7 {[%emt 0:02:31]} 38. Qxb4 {[%emt 0:00:33]} Qe5 {[%emt 0:00:03]} 39. Qc3 {[%emt 0:01:01]} Qf4 {[%emt 0:00:02]} 40. Kg1 {[%emt 0:00:00]} h5 {[%emt 0:00:00]} 41. b4 {[%emt 0:04:52]} h4 {[%emt 0:04:46]} 42. b5 {[%emt 0:09:39]} Qd6 {[%emt 0:00:30]} 43. Qb2 {[%emt 0:06:23]} Qb6+ {[%emt 0:01:30]} 44. Kh1 {[%emt 0:05:37]} Qe3 {[%emt 0:02:30]} 45. Qb1 {[%emt 0:00:08]} Qb6 {[%emt 0:00:30]} 46. Qb4 {[%emt 0:00:12]} Kg8 {[%emt 0:03:30]} 47. Qc4+ {[%emt 0:02:19]} Kg7 {[%emt 0:07:30]} 48. Qc3+ {[%emt 0:00:43]} Kh6 {[%emt 0:01:41]} 49. Qe5 {[%emt 0:01:54]} Qd8 {[%emt 0:00:26]} 50. Qe3+ {[%emt 0:00:17]} Kh7 {[%emt 0:02:49]} 51. b6 {[%emt 0:01:01]} Qd1+ {[%emt 0:00:19]} 52. Qg1 {[%emt 0:00:01]} Qb3 {[%emt 0:06:57]} 53. Qc5 {[%emt 0:00:12]} g5 {[%emt 0:00:15]} 54. Qc7+ {[%emt 0:00:36]} Kh6 {[%emt 0:00:05]} 55. b7 {[%emt 0:00:43]} g4 {[%emt 0:04:54]} 56. hxg4 {[%emt 0:00:05]} h3 {[%emt 0:00:26]} 57. Qf4+ {[%emt 0:02:42]} Kg6 {[%emt 0:00:21]} 58. b8=Q {[%emt 0:00:10]} hxg2+ {[%emt 0:00:00]} 59. Kxg2 {[%emt 0:00:11]} Qb7+ {[%emt 0:00:06]} 60. Kg3 {[%emt 0:00:51]} 1-0